Présidences du Conseil de l'Union européenne - Statistiques

Statistiques générales
  • Ce quiz a été pris 3 fois
  • Le résultat moyen est 45 sur 53
Statistiques - réponses
Par images Hint Réponse % Correct
Janvier à Juin 2007 Allemagne
100%
Juillet à décembre 2020 Allemagne
100%
Janvier à Juin 2006 Autriche
100%
Juillet à décembre 2018 Autriche
100%
Juillet à décembre 2001 Belgique
100%
Juillet à décembre 2010 Belgique
100%
Janvier à Juin 2024 Belgique
100%
Janvier à Juin 2018 Bulgarie
100%
Juillet à décembre 2012 Chypre
100%
Janvier à Juin 2026 Chypre
100%
Juillet à décembre 2002 Danemark
100%
Janvier à Juin 2012 Danemark
100%
Juillet à décembre 2025 Danemark
100%
Janvier à Juin 2002 Espagne
100%
Janvier à Juin 2010 Espagne
100%
Juillet à décembre 2023 Espagne
100%
Juillet à décembre 2017 Estonie
100%
Juillet à décembre 2006 Finlande
100%
Juillet à décembre 2019 Finlande
100%
Juillet à décembre 2000 France
100%
Juillet à décembre 2008 France
100%
Janvier à Juin 2003 Grèce
100%
Janvier à Juin 2014 Grèce
100%
Janvier à Juin 2011 Hongrie
100%
Juillet à décembre 2024 Hongrie
100%
Janvier à Juin 2004 Irlande
100%
Juillet à décembre 2003 Italie
100%
Janvier à Juin 2015 Lettonie
100%
Janvier à Juin 2005 Luxembourg
100%
Juillet à décembre 2015 Luxembourg
100%
Janvier à Juin 2016 Pays-Bas
100%
Juillet à décembre 2011 Pologne
100%
Janvier à Juin 2019 Roumanie
100%
Juillet à décembre 2016 Slovaquie
100%
Juillet à décembre 2021 Slovénie
100%
Janvier à Juin 2009 Tchéquie
100%
Janvier à Juin 2020 Croatie
67%
Janvier à Juin 2022 France
67%
Juillet à décembre 2014 Italie
67%
Janvier à Juin 2017 Malte
67%
Juillet à décembre 2004 Pays-Bas
67%
Janvier à Juin 2025 Pologne
67%
Janvier à Juin 2021 Portugal
67%
Juillet à décembre 2006 Royaume-Uni
67%
Janvier à Juin 2001 Suède
67%
Juillet à décembre 2009 Suède
67%
Janvier à Juin 2013 Irlande
33%
Juillet à décembre 2013 Lituanie
33%
Janvier à Juin 2000 Portugal
33%
Juillet à décembre 2007 Portugal
33%
Janvier à Juin 2008 Slovénie
33%
Janvier à Juin 2023 Suède
33%
Juillet à décembre 2022 Tchéquie
33%
Aucun quiz correspondant
Distribution des résultats
% des personnes avec chaque résultat
Percentile par nombre de réponses
Votre historique - résultats
Vous n’avez pas pris ce quiz